000 01002nam a22003137a 4500
001 BR9704926
003 BR-BrBNA
005 20230928095743.0
007 ta
008 230509b bl.||||| |||| 00| 0 por d
040 _aBR-BrBNA
_bpor
_cBiblioteca Nacional de Agricultura
041 _a(Por)
072 _aP34
090 _ P34 BR9704926
100 1 _aBorges, E.V.S.
110 1 _aEscola Superior de Agricultura Luiz de Queiroz, Piracicaba, SP (Brasil)
_0Tese (Mestre em Agronomia)
245 1 _aEfeito da compactacao e da desinfestacao do solo no desenvolvimento radicular e nodulacao da soja, inoculada ou nao com Bradyrhizobium japonicum
260 3 _aPiracicaba, SP (Brasil):
_c1997.
300 _a49 p.
500 _aBibliography p. 42-49; 7 tables; 6 illus.; Summaries (Eng, Por)
650 _aSoja
650 _aRhizobium
650 _aDesinfeccao
650 _aSolo
650 _aInoculacao
650 _aNodulacao
909 _a202309
_bLucia
_c55
_dLucia Elande
942 _cBK
999 _c58468
_d58468